000 00808nam a2200253 a 4500
001 9736
003 CO-ViMGA
008 141112s2004 ck r 000 u spa d
020 _a958020649
040 _aCO-ViMGA
_bspa
_cCO-ViMGA
082 0 4 _a370.115 A816 V.8
100 1 _aNoreña B ; Maria Isabel,
_911406
245 1 0 _aValores Humanos 8 :
_bConstitucionalismo, Pedagogíca Electoral, Instituciones Política, ética
260 _aSantafé de Bogotá :
_bVoluntad S.A,
_c1996
300 _a93p. : il Color
490 _aEducación Bácica Secundaria
650 1 4 _aeducación CIVICA
_911407
650 1 4 _aeducación CIVICA
_911407
650 1 4 _aEDUCACIÓN SECUNDARIA
_950238
650 1 4 _aENSEÑANZA
_911408
650 1 4 _aética SOCIAL
_911409
650 1 4 _aLIBROS DE TEXTO
_911410
942 _2ddc
_cBK
999 _c21173
_d21173